000 00823nam a2200253Ia 4500
003 OSt
005 20220918165822.0
006 a|||||r|||| 00| 0
007 ta
008 220917b |||||||| |||| 00| 0 eng d
020 _a817304726X (hbk)
_c995
024 _a233,182
037 _b163, 16/10/2007, Bharatiya Sahitya Bhavana
_cTextual
040 _aARTS
_cARTS
_beng
041 _2eng
_aeng
082 _aNA4,8(Q), P7
100 _aRay Himanshu Prabha Ed.
_925610
245 0 _aSacred landscapes in Asia
_b shared traditions, multiple histories
260 _aNew Delhi
_bManohar India
_c2007
300 _aix, 396p.
_ccm.
650 _aARTS; ARCHITECTURE
_92350
942 _hNA4,8(Q), P7
_cTEXL
_2CC
999 _c131194
_d131194